| 000 | 004650000a22001930004500 | ||
|---|---|---|---|
| 001 | 003262 | ||
| 003 | MACL | ||
| 005 | 20150903153857.0 | ||
| 008 | 150903b xxu||||| |||| 00| 0 eng d | ||
| 040 |
_aMACL _cMACL |
||
| 041 | _aEnglsh | ||
| 082 | _a808.84/DAT | ||
| 100 |
_aDatta, Amlan _98945 |
||
| 245 |
_aPaths to a Humane Society _cAmlan Datta |
||
| 260 |
_aKolkata _c2002 _bRadiance |
||
| 350 | _a200 | ||
| 650 |
_aEnglish Essay _98946 |
||
| 942 |
_k809 _cBK _2ddc |
||
| 999 |
_c15167 _d15167 |
||